000
00329nam a2200133Ia 4500
005
20251222144630.0
008
251222s9999||||xx |||||||||||||| ||spa||
020
_a
978-958-04-9859-9
082
_a
940.53/D73
100
_a
Dickson, Keith D.
245
0
_a
La Segunda Guerra Mundial para Dummies
264
_b
Norma
942
_c
LIB
999
_c
16273
_d
16273